WTO : (Record no. 123645)

MARC details
000 -LEADER
fixed length control field 00733nam a22002657a 4500
003 - CONTROL NUMBER IDENTIFIER
control field 0
005 - DATE AND TIME OF LATEST TRANSACTION
control field 20180716102034.0
008 - FIXED-LENGTH DATA ELEMENTS--GENERAL INFORMATION
fixed length control field 0
010 ## - LIBRARY OF CONGRESS CONTROL NUMBER
LC control number B-167273
020 ## - INTERNATIONAL STANDARD BOOK NUMBER
Terms of availability 00
International Standard Book Number 8174464301
035 ## - SYSTEM CONTROL NUMBER
System control number B-167273, B-167274
037 ## - SOURCE OF ACQUISITION
Source of stock number/acquisition Cen Lib/Ret
040 ## - CATALOGING SOURCE
Original cataloging agency DPL
Language of cataloging EN
Transcribing agency 0
082 ## - DEWEY DECIMAL CLASSIFICATION NUMBER
Classification number 382.92
Item number KRI
100 ## - MAIN ENTRY--PERSONAL NAME
Personal name Krishna Rao, Palle
9 (RLIN) 7416
245 ## - TITLE STATEMENT
Title WTO :
Statement of responsibility, etc by Palle Krishna Rao
Remainder of title text and cases /
246 ## - VARYING FORM OF TITLE
Remainder of title
260 ## - PUBLICATION, DISTRIBUTION, ETC. (IMPRINT)
Name of publisher, distributor, etc Excel Books
Date of publication, distribution, etc 2005
Place of publication, distribution, etc New Delhi
270 ## - ADDRESS
City New Delhi
Address A-45, narayana, phase-1
Postal code 110028
300 ## - PHYSICAL DESCRIPTION
Extent xiii, 512p.
Dimensions 23cm(Hb)
500 ## - GENERAL NOTE
General note Includes appendix and index
650 ## - SUBJECT ADDED ENTRY--TOPICAL TERM
Topical term or geographic name as entry element World trades
9 (RLIN) 7417
650 ## - SUBJECT ADDED ENTRY--TOPICAL TERM
Topical term or geographic name as entry element Commercial relations
9 (RLIN) 7418
942 ## - ADDED ENTRY ELEMENTS (KOHA)
Source of classification or shelving scheme Dewey Decimal Classification
Koha item type English Books
Classification part 382.92
Call number suffix KRI
Holdings
Withdrawn status Lost status Damaged status Not for loan Home library Current library Date acquired Source of acquisition Cost, normal purchase price Total Checkouts Full call number Barcode Date last seen Copy number Cost, replacement price Price effective from Koha item type Source of classification or shelving scheme Collection code Date checked out
        Central Library Central Library 10/06/2015 Cen Lib/Ret 0.00   382.92 KRI B-167273 10/06/2015 1 0.00 10/06/2015 English Books      
        Patel Nagar Patel Nagar 16/07/2018 BPPD/PUB 350.00 1 382.92 KRI B-167274 22/11/2018   350.00 16/07/2018 English Books Dewey Decimal Classification Non-fiction 24/10/2018
        Sarojini Nagar Sarojini Nagar 11/02/2019       382.92 KRI B-167275 11/02/2019     11/02/2019 English Books Dewey Decimal Classification Non-fiction  

© Delhi Public Library
Hit Counter
free hit counter